| 000 | 01839nam a22002655a 4500 | ||
|---|---|---|---|
| 005 | 20161116142726.0 | ||
| 008 | 161114t2015 nyu frb 001 0 eng d | ||
| 020 | _a9781107613874 | ||
| 040 |
_aEG-ScBUE _beng _cEG-ScBUE _dEG-ScBUE |
||
| 082 | 0 | 4 |
_a323.11960730904 _bDAV _222 |
| 100 | 1 | _aDavenport, Christian. | |
| 245 | 1 | 0 |
_aHow social movements die : _brepression and demobilization of the Republic of New Africa / _cChristian Davenport. |
| 260 |
_aNew York : _bCambridge University Press, _cc.2015. |
||
| 300 |
_axvii, 346 p. ; _c23 cm. |
||
| 490 | 0 | _aCambridge studies in contentious politics | |
| 500 | _aIndex : p. 335-346. | ||
| 504 | _aBibliography : p. 321-334. | ||
| 520 | _a"Met any American communists lately? Between 1919 and the late 1950s, the Communist Party of the United States of America (CP-USA) engaged in a wide variety of challenges directed against the U.S. government and its economic system. Because of this, many aspects of the organization became well known to the American public. Indeed, in their day, the names of the organizational leadership (i.e., William Foster, Earl Browder and Eugene Dennis) were as popular as any at the time. Bent on dramatically transforming US political-economic relations, the Party attempted to raise awareness regarding the evils of the American political-economic system and engage in numerous struggles against it. The activities put forth toward these ends were as numerous as they were varied, from editorials to unionization to political campaigns to mass protests" | ||
| 590 | _aSuzan Ashmawy ; revised by Fouad. | ||
| 650 | 7 |
_aAfrican Americans _xPolitical activity _xHistory _y20th century. _2BUEsh |
|
| 650 | 7 |
_aBlack militant organizations _zUnited States _xHistory _y20th century. _2BUEsh |
|
| 651 | _2BUEsh | ||
| 653 |
_bBUSBOL _cNovember2016 |
||
| 942 | _2ddc | ||
| 999 |
_c23111 _d23083 |
||